书目信息 |
| 题名: |
公民教育研究与实践公民课堂
|
|
| 作者: | 徐正烈 著 | |
| 分册: | ||
| 出版信息: | 青岛 中国海洋大学出版社 2021.07 |
|
| 页数: | 206页 | |
| 开本: | 23cm | |
| 丛书名: | ||
| 单 册: | ||
| 中图分类: | G631.6 | |
| 科图分类: | ||
| 主题词: | 中小学生--公民教育--研究--中国 | |
| 电子资源: | ||
| ISBN: | 978-7-5670-2761-9 | |
| 000 | 00985nam0 2200241 450 | |
| 001 | 012001001492 | |
| 005 | 20141202151720.0 | |
| 010 | @a978-7-5670-2761-9@dCNY49.00 | |
| 100 | @a20220905d2021 em y0chiy50 ea | |
| 101 | 0 | @achi |
| 102 | @aCN@b370000 | |
| 105 | @ay z 000yy | |
| 106 | @ar | |
| 200 | 1 | @a公民教育研究与实践公民课堂@Agong min jiao yu yan jiu yu shi jian gong min ke tang@e以学生的自主发展选择教学@f徐正烈著 |
| 210 | @a青岛@c中国海洋大学出版社@d2021.07 | |
| 215 | @a206页@d23cm | |
| 300 | @a齐鲁名校长领航工作室研究成果之一 | |
| 330 | @a本书依托具体的公民课堂教学行动研究,以“学生的自主发展选择教学”为主线,当下中小学公民课堂的行走路径跃然而出,使得当前中小学生自主学习效能低下的难题得到有效破解。内容包括:公民课堂:学生自主发展的主阵地;公民课堂实践探索:引领学生自主发展等。 | |
| 606 | 0 | @a中小学生@x公民教育@x研究@y中国 |
| 690 | @aG631.6@v5 | |
| 701 | 0 | @a徐正烈@Axu zheng lie@4著 |
| 801 | 0 | @aCN@bAHXH@c20221111 |
| 905 | @b1371192-6@dG631.6@e1464@f5 | |
| 公民教育研究与实践公民课堂:以学生的自主发展选择教学/徐正烈著.-青岛:中国海洋大学出版社,2021.07 |
| 206页;23cm |
| 齐鲁名校长领航工作室研究成果之一 |
| ISBN 978-7-5670-2761-9:CNY49.00 |
| 本书依托具体的公民课堂教学行动研究,以“学生的自主发展选择教学”为主线,当下中小学公民课堂的行走路径跃然而出,使得当前中小学生自主学习效能低下的难题得到有效破解。内容包括:公民课堂:学生自主发展的主阵地;公民课堂实践探索:引领学生自主发展等。 |
| ● |
| 相关链接 |
|
|
|
|
正题名:公民教育研究与实践公民课堂
索取号:G631.6/1464
 
预约/预借
| 序号 | 登录号 | 条形码 | 馆藏地/架位号 | 状态 | 备注 |
| 1 | 1371192 | 213711928 | 第一样本阅览室/ [索取号:G631.6/1464] | 在馆 | |
| 2 | 1371193 | 213711937 | 教育系资料室/ [索取号:G631.6/1464] | 在馆 | |
| 3 | 1371194 | 213711946 | 教育系资料室/ [索取号:G631.6/1464] | 在馆 | |
| 4 | 1371195 | 213711955 | 第四借阅区/ [索取号:G631.6/1464] | 在馆 | |
| 5 | 1371196 | 213711964 | 第四借阅区/ [索取号:G631.6/1464] | 在馆 |